[Event "BAN-chT Golden Jubilee 2021-22"]
[Site "Dhaka"]
[Date "2022.03.13"]
[Round "4.23"]
[White "Nitish Belurkar"]
[Black "Himanshu, Sharma"]
[Result "1-0"]
[WhiteElo "2447"]
[BlackElo "2391"]
[Annotator "TA"]
[PlyCount "144"]
[EventDate "2022.03.10"]
[EventType "team-tourn"]
[EventCountry "BAN"]
[SourceTitle "playchess.com"]
[Source "ChessBase"]
[SourceQuality "1"]

{[%evp 18,144,75,76,70,24,32,29,29,29,23,25,29,29,41,39,38,36,38,33,41,43,35,35,57,52,54,56,131,100,240,235,238,239,231,235,210,67,56,15,11,14,14,11,14,21,14,0,0,0,0,0,0,0,75,75,75,75,75,75,120,130,189,170,127,132,145,136,154,140,134,124,242,92,89,0,212,219,193,201,188,0,72,0,170,159,298,306,299,299,276,2,15,8,329,318,297,236,235,228,229,227,490,457,1282,1031,6858,2661,12834,12835,12836,12835,12842,12843,12843,12843,12845,12843,12844,12844,12845,12846,12849,12849,27998,27998,27999,27999,27999]} 1. e4 g6 2. d4 Bg7 3. Nc3 c6 4. f4 d5 5. e5 h5 6. Nf3 Bg4 7. Be3 e6 8. h3 Bxf3 9. Qxf3 h4 10. Bd3 Nh6 {B15: Caro-Kann: 3 Nc3: 3...g6 and 3...dxe4 4 Nxe4 Nf6 5 Nxf6+ exf6.} 11. g4 {White is more active.} ({Better is} 11. O-O $14) 11... hxg3 $1 $11 12. Qxg3 Nf5 {White has an edge.} 13. Bxf5 exf5 14. h4 {[%cal Bh3h4,Bh4h5][%mdl 32]} Rh5 15. O-O-O Nd7 16. Ne2 {[#]} Qe7 $146 ({Predecessor:} 16... Bf8 17. Rdg1 Be7 18. e6 Nf8 19. exf7+ Kxf7 20. Bf2 Qd7 21. Qf3 Qe6 22. Re1 Qd7 {0-1 (30) Hartvig,O (2289)-Barkhagen,J (2442) Copenhagen 1999}) 17. Qf2 O-O-O 18. Ng3 Rh7 19. h5 Rdh8 20. Kb1 Nf8 21. c4 Qd7 22. cxd5 Qxd5 (22... cxd5 $14 23. Rc1+ Kb8) 23. Ne2 $1 $16 Rxh5 (23... Nd7 $16 {might work better.}) 24. Rxh5 $18 Rxh5 25. Nc3 Qc4 26. d5 {Inhibits Ne6.} cxd5 27. Bxa7 ({Not} 27. Nxd5 Qe4+ 28. Ka1 Qxd5 29. Rxd5 Rh1+ 30. Qg1 Rxg1+ 31. Bxg1 Ne6 $14) (27. Qd2 $18 Kb8 28. b3 (28. Qxd5 Qxd5 29. Rxd5 Rh1+ 30. Kc2 Ne6 $11)) 27... Ne6 $1 $14 28. Nxd5 (28. Qf3 $1 $14 Rh8 29. Nxd5 Qe4+ 30. Qxe4 fxe4 31. Bb6) 28... Qe4+ $11 29. Ka1 {White wants to mate with Ne7+.} Qxd5 30. Rxd5 Rh1+ {[#]} 31. Qg1 $1 Rxg1+ 32. Bxg1 {Bh2 is the strong threat.} Nxf4 {[%mdl 4096] Endgame KRB-KBN} 33. Rc5+ Kd7 34. Be3 Ne6 35. Rd5+ Kc6 (35... Kc7 $11) 36. Rd6+ $16 Kc7 37. Bb6+ Kc8 38. Rd5 g5 (38... Bf8 $142) 39. Kb1 g4 (39... Bf8 $16) 40. Kc2 Bh6 41. Kd1 $1 Bg5 42. Ke1 f4 43. Kf2 Bh4+ 44. Kf1 f3 (44... Bg5 $16 {was called for.} 45. Rd2 f3 46. Rc2+ Kd7) 45. Rd3 (45. a4 $18 {is more deadly.}) 45... Bg3 46. Rd5 (46. Rc3+ $16 Kd7 47. Rc4) 46... Bh4 $18 47. b3 Bg5 48. Kf2 $1 {Hoping for Kg3.} Bh4+ 49. Kf1 (49. Ke3 $18 {is the precise move to win.}) 49... Bg5 $1 $16 50. Kf2 (50. Rd1 $16) 50... Bh4+ $18 51. Ke3 Be1 (51... Bg3 $16 52. a3 Kb8) 52. Rd1 $1 Bh4 53. Ke4 f2 54. Rf1 $2 (54. b4 $18) 54... g3 $1 $11 55. Kf3 {Strongly threatening Rd1.} Ng5+ $2 {[%mdl 8192] White now steadily converts the win.} (55... Nf8 $1 $11 {and Black has nothing to worry.}) 56. Kg2 $18 Ne4 57. Be3 {Inhibits Nd2.} Kd7 58. Rh1 Be7 {[#]} 59. Kf3 $1 Bh4 $2 (59... Nc3 {was necessary.} 60. Kxg3 Ke6 61. Bxf2 Kxe5 62. Re1+ Ne4+ 63. Kf3 f5) 60. Bxf2 ({But not} 60. Kxe4 $2 {[#]} g2 $1 61. Rd1+ Ke6 62. Rd6+ (62. Bxf2 $2 Bxf2 63. Rd6+ Ke7 $19) 62... Ke7 63. Bxf2 Bxf2 $19) 60... gxf2 (60... Ng5+ $142 61. Ke2 gxf2) 61. Kxe4 {Black must now prevent Kf3. KR-KB} Ke6 62. Kf3 Kxe5 63. Kg2 Bg5 64. Rh7 Be3 65. Rxf7 b6 66. Rd7 Bc5 67. Kf1 Ke6 68. Rd8 Ke7 69. Rd5 Ke6 {[#]} 70. Rxc5 $1 {[%mdl 512]} bxc5 (70... Kd6 71. Rc1) 71. Kxf2 Kd5 72. Ke3 c4 {Weighted Error Value: White=0.26 (precise) /Black=0.28 (precise)} 1-0

[Event "BAN-chT Golden Jubilee 2021-22"]
[Site "Dhaka"]
[Date "2022.03.13"]
[Round "4.24"]
[White "Saiful Islam, Chowdhury"]
[Black "Ikramul, Haq Siam"]
[Result "1/2-1/2"]
[WhiteElo "2075"]
[BlackElo "2075"]
[Annotator "TA"]
[PlyCount "158"]
[EventDate "2022.03.10"]
[EventType "team-tourn"]
[EventCountry "BAN"]
[SourceTitle "playchess.com"]
[Source "ChessBase"]
[SourceQuality "1"]

{[%evp 11,158,12,12,-14,-10,-12,0,1,15,6,7,-5,0,0,0,-5,0,0,0,0,20,13,20,12,25,17,19,0,6,0,4,6,16,-11,-11,-11,6,9,29,29,26,18,18,11,55,55,83,0,45,6,36,18,14,0,21,22,21,14,12,0,0,0,0,0,25,10,25,0,0,0,0,0,0,0,0,0,0,0,0,0,0,0,0,0,0,0,0,0,0,0,0,0,0,0,0,0,0,0,0,0,0,-2,275,237,96,162,236,0,0,-477,-399,-442,305,308,12833,12833,12833,12834,12834,12835,12835,12835,12836,12836,12837,12837,12837,12838,12838,12839,12839,12839,12839,12840,12841,12841,12841,12842,12842,12843,12843,12843,12844,12843,12844,0,0,0,0]} 1. e4 e6 2. d4 d5 3. exd5 exd5 4. Nf3 Nc6 5. Bb5 Bd6 6. O-O Nge7 7. Bg5 {C01: French: Exchange Variation.} f6 8. Bh4 O-O 9. c3 {[#]} Kh8 $146 ({Predecessor:} 9... a6 10. Bd3 Bf5 11. Qc2 Qd7 12. Nbd2 Bxd3 13. Qxd3 Qf5 14. Qxf5 Nxf5 {½-½ (14) Munguntuul,B (2426)-Khusnutdinov,R (2490) Moscow 2015}) 10. Bd3 Bf5 11. Qc2 Qd7 12. Nbd2 Rae8 13. Bg3 Bxg3 14. hxg3 Bxd3 15. Qxd3 Nf5 16. Qb5 b6 17. a4 Re7 18. Rfe1 Rfe8 19. Kf1 g5 20. Rxe7 Rxe7 21. Re1 Kg7 22. b4 Rxe1+ 23. Nxe1 Nfe7 24. Nc2 Nb8 25. Qe2 Nbc6 26. g4 Nd8 27. b5 Qe6 (27... Ne6 $11 {might be stronger.}) 28. Ne3 $14 Qd6 29. Nc2 {Inhibits Qa3.} (29. Kg1 $16) 29... Nf7 (29... Qe6 $11) 30. g3 Qd7 31. Kg2 Nd6 32. Nb4 h6 33. f3 Kf7 34. Qd3 Kg7 {Inhibits Qh7+.} 35. Nf1 Nc4 36. Ne3 Nxe3+ 37. Qxe3 Kf7 38. Kf2 Qe6 39. Na6 c6 40. Qd3 Kg7 {Prevents Qh7+.} 41. Nb4 cxb5 42. axb5 Nc8 43. Nc2 Nd6 44. Ne3 Qd7 45. Nxd5 Qxb5 46. Qxb5 Nxb5 $11 {[%mdl 4096] Endgame KN-KN} 47. Ke3 Nd6 48. Kd3 b5 {To avoid c4} 49. Ne3 {Prevents f5.} Kf7 50. d5 $1 Ke7 51. Kd4 Kd7 52. Kc5 a5 53. Nc2 a4 54. Na3 Kc7 55. Nc2 (55. Nxb5+ $2 Nxb5 56. Kb4 (56. Kxb5 $2 a3 $19) 56... a3 $1 $19) 55... Kd7 56. Kb6 Kd8 $2 {[%mdl 8192]} (56... f5 $11) 57. Kc6 $1 $18 Ke7 58. Na3 Nc4 {[#]} 59. Kc7 $1 Nd6 $11 (59... Nxa3 $2 60. d6+ Kf7 61. d7 $18) 60. f4 $2 {[%mdl 8192]} (60. Kc6 $6 Nc4 61. Nxc4 bxc4 $16) (60. Kb6 $11) 60... Ne8+ $19 61. Kc6 {[#] Hoping for fxg5.} Nd6 $4 {[%mdl 8192] [#]} (61... gxf4 $1 $19 62. gxf4 f5) 62. f5 $1 $18 ({Not} 62. Nxb5 $2 Nxb5 63. c4 Nd6 $19) 62... Nc4 $2 (62... Nf7 63. Kxb5 (63. Nxb5 Kd8 $11) 63... Ne5) 63. Nxc4 bxc4 {KP-KP} 64. Kc7 (64. d6+ Kd8 65. Kc5 a3 66. Kxc4 a2 67. Kd5 a1=Q 68. c4 Kd7 69. c5 Qd1+ 70. Ke4 Qd2 71. c6+ Kxd6 72. c7 Kxc7 73. Kf3 Kd7 74. Ke4 Kd6 75. Kf3 Kc5 76. Ke4 Qe2#) 64... a3 65. d6+ Kf7 66. d7 a2 67. d8=Q {White threatens Qa8 and mate.} a1=Q {Inhibits Qa8. KQ-KQ} 68. Qd7+ Kf8 69. Qd6+ Kf7 70. Qe6+ Kg7 71. Qe7+ Kg8 72. Qe8+ Kg7 73. Qg6+ Kf8 74. Qxf6+ Ke8 75. Qe6+ Kf8 76. Qxh6+ Ke8 77. Qe6+ Kf8 78. f6 $2 (78. Qd6+ $18 Kf7 79. Qd5+ Kf8 80. Qd8+ Kg7 81. Qd7+ Kf6 82. Qe6+ Kg7 83. f6+ Kg6 84. f7+ Kg7 85. Qe8 Qa5+ 86. Kc6) 78... Qa7+ $1 $11 79. Kd6 Qc5+ {Weighted Error Value: White=0.28 (precise) /Black=0.18 (very precise)} 1/2-1/2

[Event "BAN-chT Golden Jubilee 2021-22"]
[Site "Dhaka"]
[Date "2022.03.14"]
[Round "5.1"]
[White "Mohammad Nubairshah Shaikh"]
[Black "Idani, Pouya"]
[Result "0-1"]
[WhiteElo "2436"]
[BlackElo "2621"]
[Annotator "TA"]
[PlyCount "82"]
[EventDate "2022.03.10"]
[EventType "team-tourn"]
[EventCountry "BAN"]
[SourceTitle "playchess.com"]
[Source "ChessBase"]
[SourceQuality "1"]

{[%evp 9,82,18,18,28,43,3,18,16,16,16,28,14,16,10,18,11,20,18,17,9,10,10,59,47,70,61,71,59,67,58,77,19,47,0,9,7,1,0,0,0,0,0,23,0,27,4,65,74,141,0,0,-39,-38,-40,-34,-47,-46,-653,-357,-680,-657,-731,-709,-703,-697,-2145,-1740,-1823,-1747,-29980,-29981,-29989,-29990,-29990,-29991]} 1. d4 Nf6 2. c4 e6 3. Nc3 Bb4 4. Qc2 d6 5. e3 O-O 6. Nf3 {E32: Nimzo-Indian: Classical (4 Qc2): 4...0-0.} Nc6 7. Bd3 e5 8. d5 {The position is equal.} Ne7 9. Bd2 c6 10. dxc6 bxc6 11. a3 Ba5 12. c5 {[#]} Bxc3 $146 ({Predecessor:} 12... Ned5 13. Nb1 Re8 14. Ng5 h6 15. Ne4 Nxe4 16. Bxe4 Ba6 17. cxd6 Bxd2+ 18. Nxd2 Qxd6 {½-½ (34) Varriale,L (2250)-Piscopo,P (2406) Gallipoli 2018}) 13. Bxc3 {aiming for cxd6.} Ned5 $1 14. Nd2 Nxc3 15. Qxc3 Re8 (15... dxc5 $11 {should be considered.} 16. O-O Be6) 16. cxd6 $14 e4 17. Be2 (17. Qxc6 $2 Bd7 18. Qc3 exd3 19. Qxd3 Re5 $19) 17... Qxd6 18. Nc4 Qc5 19. O-O Qg5 20. Qa5 ({Better is} 20. Rfd1 $16) 20... Nd5 $1 $11 21. Rfd1 Bh3 {[%csl Gh3][%cal Rg5g2]} 22. g3 h5 23. Rac1 h4 24. Rd4 {And now Nd6 would win.} hxg3 25. hxg3 {Hoping for Nd6.} Qh6 {Inhibits Nd6.} 26. Qd2 Nf6 (26... g5 $5 {[%cal Rg8g7]}) 27. Rd6 c5 ({Black should try} 27... Qh7 $1 $11) 28. Qa5 $14 Be6 {[#]} (28... Re6 $142) 29. Qxc5 (29. Ne5 $1 $16) 29... Rac8 $11 {[%cal Ba8c8,Bc8c5,Bc5f5][%mdl 32]} 30. Qd4 (30. Qxa7 Qh3 31. Rc3 Ra8 $15) (30. Qa5 $5 {[%cal Rc1c3]}) 30... Qh3 31. Bf1 ({Not} 31. Qxa7 $2 Ng4 32. Bxg4 Bxg4 $19) 31... Qh5 $40 {[%mdl 128] ...Ng4 is the strong threat. Black attacks.} 32. Bg2 Ng4 $1 33. Qxe4 {[%mdl 8192] Loses the game.} (33. b3 $15) 33... Rc5 {Threatens to win with ...Rf5.} 34. Rd3 $2 (34. Rd2 Qh2+ 35. Kf1 Bxc4+ 36. Rxc4 Rxe4 37. Bxe4) 34... Rf5 $19 35. Rc2 {[#] Strongly threatening Nd6.} Qh2+ $1 36. Kf1 Qxg3 $1 {[%cal Rf5f2]} 37. f4 Rc5 {( -> ...Rxc4)} ({Don't go for} 37... Bd7 $2 38. Rxd7 Rxe4 39. Bxe4 (39. Rd8+ $2 Kh7 $19) 39... Nxe3+ 40. Ke2 Qxf4 41. Bxf5 Nxf5 42. Kd3 $19) 38. b3 Rcc8 {White must now prevent ...Bxc4.} 39. Rdc3 Bxc4+ {Black mates.} 40. Rxc4 Nxe3+ 41. Qxe3 Qxe3 {Weighted Error Value: White=0.79/Black=0.14 (very precise)} 0-1

[Event "BAN-chT Golden Jubilee 2021-22"]
[Site "Dhaka"]
[Date "2022.03.14"]
[Round "5.2"]
[White "Mchedlishvili, Mikheil"]
[Black "Ghosh, Chanchal Kumer"]
[Result "1-0"]
[WhiteElo "2587"]
[BlackElo "2074"]
[Annotator "TA"]
[PlyCount "91"]
[EventDate "2022.03.10"]
[EventType "team-tourn"]
[EventCountry "BAN"]
[SourceTitle "playchess.com"]
[Source "ChessBase"]
[SourceQuality "1"]

{[%evp 22,91,16,-7,14,23,8,18,74,9,118,74,79,87,82,85,77,85,177,169,214,154,190,102,186,187,241,253,235,233,232,231,247,252,275,248,357,342,372,367,416,433,442,215,267,198,217,218,212,222,414,113,106,106,608,586,694,681,806,816,2421,2327,1243,5260,5231,957,4931,4914,29968,5326,29989,29981]} 1. e4 c5 2. Nf3 d6 3. d4 cxd4 4. Nxd4 Nf6 5. Nc3 a6 6. Be3 e5 7. Nb3 Be6 8. f3 Nbd7 9. Qd2 Be7 10. g4 b5 11. O-O-O Nb6 12. Qf2 Nc4 {B90: Sicilian Najdorf: Unusual White 6th moves, 6 Be3 Ng4 and 6 Be3 e5.} 13. Bxc4 bxc4 14. Nc5 Qc7 (14... Qc8 $11 {remains equal.} 15. N5a4 (15. Nxe6 fxe6 16. Qf1 O-O $11) 15... Rb8) 15. g5 {[#]} Nd7 $146 (15... Nh5 $1 $11 16. Nxe6 fxe6) ({Predecessor:} 15... dxc5 16. gxf6 Bxf6 17. Bxc5 Be7 18. Bxe7 Qxe7 19. f4 exf4 20. Qxf4 O-O 21. Rhg1 Rad8 {1-0 (32) White,D (2377)-Noriega de la Sierra,A (2026) ICCF email 2006}) 16. Nxd7 {White is much more active. Black has bad knights.} ({Better is} 16. Nxe6 fxe6 17. Qh4) 16... Qxd7 $16 17. f4 exf4 18. Qxf4 O-O 19. Bd4 Qd8 (19... Rab8 $16) 20. Rhg1 $18 Qa5 (20... f6 {was necessary.}) 21. a3 Rab8 22. Ne2 (22. h4 $18) 22... Rb5 (22... Bd8 $16) 23. Bc3 Qd8 {[#]} (23... Qc7 $142 24. Nd4 Rb7) 24. h4 $1 Qd7 25. Nd4 Rc5 26. Nf3 Rb8 27. Rdf1 Qb7 28. Nd4 Bf8 (28... Rf8 {might work better.} 29. Kb1 Re5) 29. h5 Re5 30. Re1 ({Less strong is} 30. Nxe6 Rxe4 31. Qf2 Rxe6 $16) 30... Rc5 31. g6 Rxh5 32. gxh7+ (32. Ref1 $142) 32... Rxh7 33. Rh1 {Strongly threatening Rxh7.} Rxh1 34. Rxh1 Qd7 35. Rg1 Rb6 $2 (35... Re8 36. Qh4 f6 37. Qxf6 (37. Rh1 Kf7 $16) 37... Qf7) 36. Nf5 $2 $40 {[%mdl 128] White wants a kill.} (36. Qh4 $18) 36... Bxf5 $16 37. exf5 f6 $2 {[%mdl 8192] A mistake that costs the game.} (37... Rb5 $16) 38. Bxf6 $1 $18 Kf7 {[#]} 39. Qd4 {[%cal Rf6g7]} Rb5 (39... gxf6 40. Qxb6) 40. Bxg7 Be7 {Inhibits Qf6+.} 41. Qxc4+ d5 42. Qg4 {Threatening mate with Qg6+.} Ke8 43. Qg6+ Kd8 44. f6 {[%cal Bf5f6,Bf6f7][%mdl 32]} Bxa3 45. f7 Qa7 46. Qg5+ {Weighted Error Value: White=0.44/Black=1.05} 1-0

[Event "BAN-chT Golden Jubilee 2021-22"]
[Site "Dhaka"]
[Date "2022.03.14"]
[Round "5.3"]
[White "Himanshu, Sharma"]
[Black "Hossain, Enamul"]
[Result "0-1"]
[WhiteElo "2391"]
[BlackElo "2410"]
[Annotator "ChessBase"]
[PlyCount "98"]
[EventDate "2022.03.10"]
[EventType "team-tourn"]
[EventCountry "BAN"]
[SourceTitle "playchess.com"]
[Source "ChessBase"]
[SourceQuality "1"]
[TimeControl "40/5400+30:1800+30"]

1. e4 {[%emt 0:02:11]} c5 {[%emt 0:00:16]} 2. Nc3 {[%emt 0:00:11]} e6 {[%emt 0:00:24]} 3. Nge2 {[%emt 0:01:32]} Nc6 {[%emt 0:00:27]} 4. g3 {[%emt 0:03:32]} d5 {[%emt 0:00:57]} 5. exd5 {[%emt 0:00:14]} exd5 {[%emt 0:00:04]} 6. Bg2 {[%emt 0:00:20]} Nf6 {[%emt 0:03:21]} 7. d4 {[%emt 0:03:32]} cxd4 {[%emt 0:00:24]} 8. Nxd4 {[%emt 0:00:21]} Bg4 {[%emt 0:00:27]} 9. f3 {[%emt 0:15:48]} Bd7 {[%emt 0:01:27]} 10. Be3 {[%emt 0:04:26]} Be7 {[%emt 0:02:05]} 11. O-O {[%emt 0:02:12]} O-O {[%emt 0:01:29]} 12. Kh1 {[%emt 0:03:12]} Re8 {[%emt 0:01:17]} 13. Re1 {[%emt 0:00:42]} Bb4 {[%emt 0:07:06]} 14. Nxc6 {[%emt 0:06:21]} bxc6 {[%emt 0:00:55]} 15. Qd3 {[%emt 0:00:11]} h6 {[%emt 0:09:10]} 16. a3 {[%emt 0:01:18]} Bf8 {[%emt 0:07:41]} 17. Bd4 {[%emt 0:04:50]} Rb8 {[%emt 0:03:05]} 18. b3 {[%emt 0:06:55]} a5 {[%emt 0:07:11]} 19. Na4 {[%emt 0:03:17]} Rxe1+ {[%emt 0:04:57]} 20. Rxe1 {[%emt 0:00:03]} Bxa3 {[%emt 0:00:25]} 21. Nc5 {[%emt 0:01:38]} Bxc5 {[%emt 0:03:20]} 22. Bxc5 {[%emt 0:00:06]} Be6 {[%emt 0:00:19]} 23. Qc3 {[%emt 0:02:26]} Nd7 {[%emt 0:04:49]} 24. Bd6 {[%emt 0:03:46]} Ra8 {[%emt 0:03:16]} 25. Bf1 {[%emt 0:04:23]} Qb6 {[%emt 0:03:03]} 26. g4 {[%emt 0:06:05]} c5 {[%emt 0:02:52]} 27. Bg3 {[%emt 0:00:04]} d4 {[%emt 0:09:29]} 28. Qd3 {[%emt 0:00:17]} a4 {[%emt 0:04:15]} 29. Qe4 {[%emt 0:05:55]} Rc8 {[%emt 0:01:47]} 30. bxa4 {[%emt 0:00:28]} Nf6 {[%emt 0:00:25]} 31. Qe2 {[%emt 0:00:57]} Qc6 {[%emt 0:01:56]} 32. Bg2 {[%emt 0:05:13]} Qxa4 {[%emt 0:00:42]} 33. h4 {[%emt 0:01:40]} Nd5 {[%emt 0:02:30]} 34. Qe4 {[%emt 0:00:34]} Qd7 {[%emt 0:02:38]} 35. Qd3 {[%emt 0:06:30]} Ne3 {[%emt 0:05:25]} 36. Bf4 {[%emt 0:00:33]} c4 {[%emt 0:01:31]} 37. Qe2 {[%emt 0:01:23]} Nxg2 {[%emt 0:01:51]} 38. Kxg2 {[%emt 0:00:07]} d3 {[%emt 0:00:45]} 39. Qd2 {[%emt 0:00:45]} Qc6 {[%emt 0:03:26]} 40. Kg3 {[%emt 0:00:00]} Rd8 {[%emt 0:00:00]} 41. Qc3 {[%emt 0:07:52]} Bc8 {[%emt 0:10:40]} 42. Re4 {[%emt 0:02:44]} Bb7 {[%emt 0:01:17]} 43. Be3 {[%emt 0:09:26]} Qd6+ {[%emt 0:04:21]} 44. Bf4 {[%emt 0:00:05]} d2 {[%emt 0:01:09]} 45. Bxd6 {[%emt 0:00:12]} d1=Q {[%emt 0:00:08]} 46. Bc7 {[%emt 0:04:15]} Qg1+ {[%emt 0:01:46]} 47. Kh3 {[%emt 0:00:22]} Rd1 {[%emt 0:07:21]} 48. Re8+ {[%emt 0:00:54]} Kh7 {[%emt 0:00:02]} 49. Re3 {[%emt 0:03:30]} Qf2 {[%emt 0:01:28]} 0-1

[Event "BAN-chT Golden Jubilee 2021-22"]
[Site "Dhaka"]
[Date "2022.03.14"]
[Round "5.4"]
[White "Reefat, Bin-Sattar"]
[Black "Saiful Islam, Chowdhury"]
[Result "1-0"]
[WhiteElo "2371"]
[BlackElo "2075"]
[Annotator "ChessBase"]
[PlyCount "65"]
[EventDate "2022.03.10"]
[EventType "team-tourn"]
[EventCountry "BAN"]
[SourceTitle "playchess.com"]
[Source "ChessBase"]
[SourceQuality "1"]
[TimeControl "40/5400+30:1800+30"]

1. e4 {[%emt 0:08:29]} c5 {[%emt 0:00:40]} 2. Nf3 {[%emt 0:01:31]} Nc6 {[%emt 0:00:21]} 3. Nc3 {[%emt 0:01:04]} e6 {[%emt 0:02:47]} 4. d4 {[%emt 0:02:24]} cxd4 {[%emt 0:00:09]} 5. Nxd4 {[%emt 0:00:02]} Nf6 {[%emt 0:00:36]} 6. Nxc6 {[%emt 0:14:43]} bxc6 {[%emt 0:00:09]} 7. Qf3 {[%emt 0:00:03]} Qa5 {[%emt 0:09:18]} 8. Bd2 {[%emt 0:11:42]} Bb4 {[%emt 0:01:20]} 9. a3 {[%emt 0:03:30]} Bf8 {[%emt 0:06:48]} 10. g4 {[%emt 0:14:42]} Qb6 {[%emt 0:05:53]} 11. g5 {[%emt 0:05:41]} Ng8 {[%emt 0:00:23]} 12. Na4 {[%emt 0:01:44]} Qc7 {[%emt 0:03:36]} 13. Qg3 {[%emt 0:03:57]} d6 {[%emt 0:03:11]} 14. c4 {[%emt 0:06:15]} c5 {[%emt 0:01:29]} 15. b4 {[%emt 0:05:03]} Ne7 {[%emt 0:10:19]} 16. bxc5 {[%emt 0:13:46]} Qc6 {[%emt 0:05:21]} 17. Nc3 {[%emt 0:00:01]} Qxc5 {[%emt 0:02:14]} 18. Nb5 {[%emt 0:02:39]} Ng6 {[%emt 0:01:22]} 19. Bb4 {[%emt 0:00:11]} Qc6 {[%emt 0:00:50]} 20. O-O-O {[%emt 0:01:23]} e5 {[%emt 0:08:47]} 21. Bxd6 {[%emt 0:02:10]} a6 {[%emt 0:06:49]} 22. Nc7+ {[%emt 0:00:00]} Kd7 {[%emt 0:02:30]} 23. Bxe5+ {[%emt 0:00:08]} Ke7 {[%emt 0:00:29]} 24. Bd6+ {[%emt 0:00:17]} Kd8 {[%emt 0:00:57]} 25. Bxf8+ {[%emt 0:00:25]} Bd7 {[%emt 0:00:09]} 26. Nxa8 {[%emt 0:00:48]} Rxf8 {[%emt 0:00:25]} 27. Qb8+ {[%emt 0:00:13]} Ke7 {[%emt 0:00:48]} 28. Qb4+ {[%emt 0:00:04]} Ke8 {[%emt 0:00:09]} 29. Rd6 {[%emt 0:00:54]} Qxa8 {[%emt 0:01:10]} 30. Be2 {[%emt 0:00:25]} Qxe4 {[%emt 0:04:04]} 31. Qb8+ {[%emt 0:00:23]} Ke7 {[%emt 0:00:18]} 32. Rxd7+ {[%emt 0:00:03]} Kxd7 {[%emt 0:00:34]} 33. Rd1+ {[%emt 0:00:06]} 1-0

[Event "BAN-chT Golden Jubilee 2021-22"]
[Site "Dhaka"]
[Date "2022.03.14"]
[Round "5.5"]
[White "S M Sharon"]
[Black "Manon, Reja Neer"]
[Result "1/2-1/2"]
[WhiteElo "2087"]
[BlackElo "2209"]
[Annotator "ChessBase"]
[PlyCount "87"]
[EventDate "2022.03.10"]
[EventType "team-tourn"]
[EventCountry "BAN"]
[SourceTitle "playchess.com"]
[Source "ChessBase"]
[SourceQuality "1"]
[TimeControl "40/5400+30:1800+30"]

1. e4 {[%emt 0:00:23]} c5 {[%emt 0:01:42]} 2. Nc3 {[%emt 0:02:36]} d6 {[%emt 0:00:39]} 3. f4 {[%emt 0:01:34]} Nc6 {[%emt 0:00:49]} 4. Nf3 {[%emt 0:00:32]} g6 {[%emt 0:00:24]} 5. d4 {[%emt 0:05:15]} cxd4 {[%emt 0:17:18]} 6. Nxd4 {[%emt 0:00:03]} Bg7 {[%emt 0:00:16]} 7. Be3 {[%emt 0:06:12]} Nf6 {[%emt 0:01:32]} 8. Qd2 {[%emt 0:25:18]} O-O {[%emt 0:03:43]} 9. h3 {[%emt 0:02:42]} Nxd4 {[%emt 0:07:35]} 10. Bxd4 {[%emt 0:00:17]} e5 {[%emt 0:00:15]} 11. fxe5 {[%emt 0:04:32]} dxe5 {[%emt 0:00:48]} 12. Bc5 {[%emt 0:04:25]} Qxd2+ {[%emt 0:02:58]} 13. Kxd2 {[%emt 0:00:01]} Rd8+ {[%emt 0:00:01]} 14. Bd3 {[%emt 0:00:29]} Be6 {[%emt 0:01:28]} 15. Rhd1 {[%emt 0:12:25]} Bf8 {[%emt 0:15:36]} 16. Bxf8 {[%emt 0:02:59]} Kxf8 {[%emt 0:00:54]} 17. Ke3 {[%emt 0:00:19]} Rac8 {[%emt 0:03:21]} 18. Be2 {[%emt 0:02:43]} Ke7 {[%emt 0:01:49]} 19. Rxd8 {[%emt 0:00:34]} Rxd8 {[%emt 0:00:42]} 20. Rd1 {[%emt 0:00:24]} Rxd1 {[%emt 0:04:45]} 21. Bxd1 {[%emt 0:01:42]} h5 {[%emt 0:00:49]} 22. h4 {[%emt 0:00:44]} Kd6 {[%emt 0:01:33]} 23. b4 {[%emt 0:03:07]} a6 {[%emt 0:01:43]} 24. Be2 {[%emt 0:00:13]} Nd7 {[%emt 0:01:00]} 25. Nd5 {[%emt 0:07:14]} Bxd5 {[%emt 0:16:17]} 26. exd5 {[%emt 0:00:02]} b5 {[%emt 0:00:59]} 27. c4 {[%emt 0:02:58]} bxc4 {[%emt 0:01:41]} 28. Bxc4 {[%emt 0:00:03]} Nb6 {[%emt 0:00:01]} 29. Bxa6 {[%emt 0:00:31]} Nxd5+ {[%emt 0:00:02]} 30. Kd2 {[%emt 0:00:37]} Nxb4 {[%emt 0:00:11]} 31. Bc4 {[%emt 0:00:20]} Nd5 {[%emt 0:00:30]} 32. a4 {[%emt 0:01:13]} f6 {[%emt 0:01:55]} 33. a5 {[%emt 0:03:52]} Kc5 {[%emt 0:00:53]} 34. Bf1 {[%emt 0:03:51]} g5 {[%emt 0:03:10]} 35. hxg5 {[%emt 0:01:57]} fxg5 {[%emt 0:00:06]} 36. g3 {[%emt 0:02:17]} Ne7 {[%emt 0:05:05]} 37. Ke3 {[%emt 0:01:29]} Nf5+ {[%emt 0:00:37]} 38. Kf3 {[%emt 0:00:25]} e4+ {[%emt 0:02:28]} 39. Kf2 {[%emt 0:00:43]} e3+ {[%emt 0:00:58]} 40. Kf3 {[%emt 0:00:00]} g4+ {[%emt 0:00:00]} 41. Kf4 {[%emt 0:02:13]} h4 {[%emt 0:01:18]} 42. gxh4 {[%emt 0:02:11]} g3 {[%emt 0:00:27]} 43. Kf3 {[%emt 0:00:32]} g2 {[%emt 0:00:57]} 44. Ke4 {[%emt 0:30:33]} 1/2-1/2